Connaissances générales - Sciences - Statistiques

Statistiques générales
  • Ce quiz a été pris 58 fois
  • Le résultat moyen est 5 sur 25
Statistiques - réponses
Hint Réponse % Correct
Quel minéral et électrolyte est très présent dans le cacao et les légumineuses et a pour symbole la lettre K? Potassium
83%
Selon une légende, quel animal serait la cause de la COVID-19? Pangolin
70%
Comment appelle-t-on la science qui étudie les fossiles et les dinosaures? Paléontologie
55%
Quel nom donne-t-on aux cellules reproductives des champignons? Spores
34%
Quel nom donne-t-on au point de la surface terrestre qui se situe à le verticale du foyer de la Terre et où les secousses sont les plus intenses? Épicentre
32%
Quel est l’autre nom donné à la malaria? Paludisme
23%
Quelle unité représente une distance équivalente à environ 150 millions de kilomètres et qui est la distance entre la Terre et le Soleil? Unité astronomique
21%
Quel adjectif désigne quelque chose conçu pour résister au feu et empêcher sa propagation? Ignifuge
17%
Quel vitamine favorise la coagulation du sang? Vitamine K
17%
Quel est l’acide formé par les fourmis? Acide formique
15%
Contre quoi un médicament antipyrétique agit-il? Fièvre
15%
Quelle particule élémentaire est surnommée la particule de Dieu Boson de Higgs
9%
Quel est le plus gros satellite naturel du système solaire? Ganymède
9%
Quel est le seul mammifère sans cordes vocales? Girafe
9%
Quel nom est donné au passage d’une plaque tectonique sous une autre plaque de plus faible densité? Subduction
9%
Quelle est la formule chimique de la craie? CaCO3
6%
Dans quelle couche de la Terre retrouve-t-on les discontinuités de Mohorovicic et de Gutenberg? Manteau
6%
Dans quelle interaction biologique un organisme est-il détruit alors que l’autre n’est pas affecté? Ammensalisme
4%
Dans quelle constellation retrouve-t-on Sirius, l’étoile la plus brillante du ciel nocturne? Grand Chien
4%
Quel scientifique et astrophysicien montréalais est connu pour ses travaux sur la nucléosynthèse stellaire? Hubert Reeves
4%
Découvert par la sonde Explorer 1, quel espace entourant la Terre protège celle-ci contre l’excès de vent solaire? Magnétosphère
4%
Quel nom donne-t-on à une explosion de méthane? Coup de grisou
2%
Signifiant « graine nue », quel groupe de végétaux comprend les ginkos et les thuyas Gymnospermes
2%
Quel nom a-t-on donné à l’hypothèse de synchronisation des menstruations lorsque certaines personnes vivent en communauté? Hypothèse McClintock
2%
Qui fut la première américaine à aller dans l’espace? Sally Ride
2%
Aucun quiz correspondant
Distribution des résultats
% des personnes avec chaque résultat
Percentile par nombre de réponses
Votre historique - résultats
Vous n’avez pas pris ce quiz